| 000 | 00642nam a2200193Ia 4500 | ||
|---|---|---|---|
| 003 | GCL | ||
| 008 | 140319s9999 xx 000 0 ara d | ||
| 040 |
_aGCL / _cGCL |
||
| 082 | 0 | 4 |
_a219.30956 _bهـ ا |
| 100 | 1 | _aمحمد مستجير | |
| 245 | 1 | 0 |
_aالاسلام وخرافة المواجهة الدين والسياسة فى الشرق الاوسط / _cمحمد مستجير |
| 700 | 1 | _aهاليدى, فريد | |
| 300 | _a259 ص | ||
| 490 |
_aالهيئة العامة للاستعلامات _v0 |
||
| 650 | 0 | 4 | _aالاسلام |
| 650 | 0 | 4 | _aالشرق الاوسط |
| 650 | 0 | 4 | _aالاسلام والسياسة |
| 942 |
_2ddc _cBK |
||
| 999 |
_c52058 _d52058 |
||